1907 1213 1392 1680 1456 1950 1498 1947 1758 1022 1900 1941 1521 1815 1044 1017 1931 1712 1151 1000 1776 1802 1688 1800 1033 1104 1229 1346 1059 1615 1626 1054 1865 1880 1158 1624 1830 1207 1174 1963 1829 1141 1110 1808 1648 1274 1055 1831 1095 1936 1590 1187 1986 1936 1401 1369 1964 1287 1998 1245 1518 1919 1849 1493 1459 1198 1990 1467 1780 1135 1300 1410 1014 1339 1793 1657 1104 1884 1325 1898 1807 1832 1480 1772 1701 1440 1411 1266 1548 1437 1189 1651 1670 1246 1913 1778 1238 1516 1908 BCNSPRNW ULIB Ver.6.0+V

เปลี่ยนเป็นภาษาไทย

Change to English
 แสดงรายละเอียดบรรณานุกรม
  กลับหน้าหลัก

Brief Record : Get Marc (ISO 2709) : E-mail record : QR code < ปิดหน้าต่าง
LEADER : 00000nam 2200000uu 4500
001    13399122234
003     ULIB
008    130116s||||||||th 000 0 tha d
020    ^a9786162079344
060  4 ^aWS113^bส786ป
100 0  ^aสุธีรา เอื้อไพโรจน์กิจ
245 00 ^aป้องกัน 25 โรคฮิตให้ลูก^cสุธีรา เอื้อไพโรจน์กิจ
260    ^aกรุงเทพฯ:^bอมรินทร์สุขภาพ,^c2555
300    ^a132 หน้า
650  4 ^aกุมารเวชศาสตร์
650  4 ^aโรคเด็ก
945    ^p145^l0^i19711
945    ^p145^l0^i19712
945    ^p145^l0^i19713
995    ^aกัณชพร
999    ^aใช้งานได้ทุกระบบ
รายการนี้ยังไม่มีแท็ก
คุณยังไม่ได้ล็อกอิน คุณสามารถมีกิจกรรมร่วมกับเว็บไซต์ได้ แต่ต้องล็อกอินก่อน ::
  ล็อกอิน

รายการสื่อสารสนเทศ

ลำดับที่ ประเภท เลขเรียก/บาร์โค้ด สถานที่ สถานะ
1. วิทยาศาสตร์การแพทย์ และสุขภาพ
วิทยาศาสตร์การแพทย์ และสุขภาพ
สถานะ=หนังสือเก่า
WS113 ส786ป  
  Barcode: 19711
ห้องสมุดวิทยาเขตนครสวรรค์
►ส่วนจัดเก็บหนังสือเก่า นว.
บนชั้น
  ขอยืม
2. วิทยาศาสตร์การแพทย์ และสุขภาพ
วิทยาศาสตร์การแพทย์ และสุขภาพ
สถานะ=หนังสือเก่า
WS113 ส786ป ฉ.2 
  Barcode: 19712
ห้องสมุดวิทยาเขตนครสวรรค์
►ส่วนจัดเก็บหนังสือเก่า นว.
บนชั้น
  ขอยืม
3. วิทยาศาสตร์การแพทย์ และสุขภาพ
วิทยาศาสตร์การแพทย์ และสุขภาพ
สถานะ=หนังสือเก่า
WS113 ส786ป ฉ.3 
  Barcode: 19713
ห้องสมุดวิทยาเขตนครสวรรค์
►ส่วนจัดเก็บหนังสือเก่า นว.
บนชั้น
  ขอยืม

รายการใกล้เคียง
    ผู้แต่ง [สุธีรา เอื้อไพโรจน์กิจ]

    หัวเรื่อง [กุมารเวชศาสตร์]
    หัวเรื่อง [โรคเด็ก]

BibComment


ยังไม่เคยถูกคอมเมนท์

คอมเมนท์ทรัพยากรรายการนี้
  คอมเมนท์: ป้องกัน 25 โรคฮิ..


 Copyright 2026. Bcnsprnw @Library